Teoría y resistencia en educación: una pedagogía para la oposición
Na minha lista:
| Autor principal: | |
|---|---|
| Formato: | Livro |
| Idioma: | espanhol |
| Publicado em: |
Madrid
Siglo Veintiuno
1992
|
| Assuntos: | |
| Tags: |
Adicionar Tag
Sem tags, seja o primeiro a adicionar uma tag!
|
MARC
| LEADER | 00000cam a2200000 a 4500 | ||
|---|---|---|---|
| 001 | UCT0777 | ||
| 003 | CL-VaPUC | ||
| 008 | 960906e19920000SP |||||||||||||||||spa|d | ||
| 020 | |a 9682317924 | ||
| 082 | 0 | 4 | |a 370.1 |b GIR |2 21 |
| 100 | |a Giroux, Henry A |e author |9 524493 | ||
| 245 | 1 | 0 | |a Teoría y resistencia en educación: una pedagogía para la oposición |
| 300 | |a 329 p | ||
| 942 | |c BK | ||
| 945 | |d 19960906 00:00:00 |a nastorga | ||
| 260 | |a Madrid |b Siglo Veintiuno |c 1992 | ||
| 650 | 0 | |a Educación |9 258661 | |
| 650 | 7 | |a ESCUELA |2 CL-VaPUC |9 347989 | |
| 650 | 0 | |a Currículo |9 307290 | |
| 650 | 0 | |a Política educacional |9 308011 | |
| 650 | 0 | |a Escolarización |9 369242 | |
| 650 | 0 | |a Pedagogía |9 255351 | |
| 650 | 0 | |a Cultura |9 269059 | |
| 650 | 0 | |a Ideologías |9 255200 | |
| 650 | 0 | |a Alfabetización |9 310435 | |
| 583 | |a last modification |c 20130122 09:41:51 |k Rodrigo Vera | ||
| 999 | |c 251483 |d 251481 | ||
| 952 | |0 0 |1 0 |4 0 |6 370_100000000000000_GIR_1992 |7 0 |8 R |9 270671 |a BIBEDU |b BIBEDU |c MCIRC |d 2019-11-19 |i 3228045 |o 370.1 GIR 1992 |p 3228045 |r 2023-01-13 |w 2019-11-19 |y BK_R |k EPE | ||
| 952 | |0 0 |1 0 |4 0 |6 370_100000000000000_GIR_1992 |7 0 |8 R |9 270672 |a BIBEDU |b BIBEDU |c MCIRC |d 2019-11-19 |i 4243323 |l 1 |m 2 |o 370.1 GIR 1992 |p 4243323 |r 2023-01-13 |s 2021-11-23 |w 2019-11-19 |y BK_R |k EBA | ||